Pracovné ambície absolventov cestovného ruchu Ekonomickej fakulty Univerzity Mateja Bela z roku 2015
Výsledky dotazníkového prieskumu, ktorého cieľom bolo identifikovať zhody a rozdiely v motivácii k štúdiu a v pracovných ambíciách absolventov cestovného ruchu, ktorí ukončili štúdium na Ekonomickej fakulte UMB v akademickom roku 2014/2015 s motiváciou a ambíciami absolventov v predchádzajúcich roko...
Uložené v:
| Hlavný autor: | |
|---|---|
| Ďalší autori: | |
| Médium: | Kapitola |
| Jazyk: | Slovak |
| Predmet: | |
| Tagy: |
Žiadne tagy, Buďte prvý, kto otaguje tento záznam!
|
MARC
| LEADER | 00000naa a2200000 4500 | ||
|---|---|---|---|
| 001 | 0215114 | ||
| 005 | 20231016081154.9 | ||
| 041 | 0 | |a slo | |
| 044 | |a SK | ||
| 245 | 1 | 0 | |a Pracovné ambície absolventov cestovného ruchu Ekonomickej fakulty Univerzity Mateja Bela z roku 2015 |c Marián Gúčik, Kristína Pančíková |
| 520 | |a Výsledky dotazníkového prieskumu, ktorého cieľom bolo identifikovať zhody a rozdiely v motivácii k štúdiu a v pracovných ambíciách absolventov cestovného ruchu, ktorí ukončili štúdium na Ekonomickej fakulte UMB v akademickom roku 2014/2015 s motiváciou a ambíciami absolventov v predchádzajúcich rokoch. | ||
| 610 | 2 | 0 | |a ruch cestovný |
| 610 | 2 | 0 | |a vzdelávanie vysokoškolské |
| 610 | 2 | 0 | |a absolventi |
| 610 | 2 | 0 | |a štúdium vysokoškolské |
| 610 | 2 | 0 | |a práca |
| 610 | 2 | 0 | |a zamestnanie |
| 610 | 2 | 0 | |a motivácia |
| 610 | 2 | 0 | |a jazyky cudzie |
| 610 | 2 | 0 | |a prieskum |
| 100 | 1 | |a Gúčik, Marián | |
| 700 | 1 | |a Pančíková, Kristína | |